[Event "IMP Kobiet do lat 20"]
[Site "Chotowa"]
[Date "2023.10.31"]
[Round "8.5"]
[White "Starosta, Martyna"]
[Black "Smietanska, Wiktoria"]
[Result "1-0"]
[BlackElo "2071"]
[WhiteElo "2180"]
[LiveChessVersion "1.4.8"]

1. e4 {[%clk 1:30:58]} e5 {[%clk 1:30:52]} 2. Nf3 {[%clk 1:29:42]} Nc6
{[%clk 1:31:16]} 3. Bb5 {[%clk 1:29:42]} Nf6 {[%clk 1:31:32]} 4. d4
{[%clk 1:28:56]} exd4 {[%clk 1:31:48]} 5. e5 {[%clk 1:29:10]} Ne4
{[%clk 1:32:06]} 6. O-O {[%clk 1:20:48]} Be7 {[%clk 1:19:04]} 7. Nxd4
{[%clk 1:19:47]} Nxd4 {[%clk 1:11:00]} 8. Qxd4 {[%clk 1:20:12]} Nc5
{[%clk 1:11:09]} 9. Nc3 {[%clk 1:18:36]} Ne6 {[%clk 1:05:56]} 10. Qe4
{[%clk 1:15:33]} c6 {[%clk 1:02:11]} 11. Bc4 {[%clk 1:13:18]} d5 {[%clk 1:00:02]}
12. exd6 {[%clk 1:13:40]} Qxd6 {[%clk 0:59:28]} 13. Be3 {[%clk 1:11:47]} O-O
{[%clk 0:58:42]} 14. Rad1 {[%clk 1:10:32]} Qb4 {[%clk 0:53:30]} 15. Bb3
{[%clk 0:56:20]} Qxe4 {[%clk 0:42:52]} 16. Nxe4 {[%clk 0:56:42]} b6
{[%clk 0:42:44]} 17. Rfe1 {[%clk 0:51:47]} Nc7 {[%clk 0:34:42]} 18. Bf4
{[%clk 0:49:16]} Nd5 {[%clk 0:28:50]} 19. Rxd5 {[%clk 0:38:55]} cxd5
{[%clk 0:28:47]} 20. Bxd5 {[%clk 0:39:19]} Be6 {[%clk 0:22:16]} 21. Bxa8
{[%clk 0:39:37]} Rxa8 {[%clk 0:22:43]} 22. b3 {[%clk 0:38:14]} h6
{[%clk 0:22:16]} 23. f3 {[%clk 0:36:41]} Rc8 {[%clk 0:20:26]} 24. Re2
{[%clk 0:35:39]} b5 {[%clk 0:16:48]} 25. Bd6 {[%clk 0:33:26]} Bd8
{[%clk 0:15:14]} 26. Kf1 {[%clk 0:29:46]} Bb6 {[%clk 0:14:51]} 27. Bg3
{[%clk 0:28:04]} a6 {[%clk 0:14:07]} 28. Bf2 {[%clk 0:25:14]} Bxf2
{[%clk 0:12:34]} 29. Kxf2 {[%clk 0:23:45]} Kf8 {[%clk 0:12:39]} 30. c3
{[%clk 0:21:08]} Ke7 {[%clk 0:11:50]} 31. Re3 {[%clk 0:20:01]} Kd7
{[%clk 0:07:10]} 32. Rd3+ {[%clk 0:20:06]} Ke7 {[%clk 0:07:04]} 33. Ke2
{[%clk 0:19:01]} Rc6 {[%clk 0:05:42]} 34. Kd2 {[%clk 0:18:09]} Bf5
{[%clk 0:05:11]} 35. Rd4 {[%clk 0:17:36]} Be6 {[%clk 0:04:53]} 36. Nf2
{[%clk 0:16:09]} f6 {[%clk 0:02:08]} 37. Nd3 {[%clk 0:15:18]} a5 {[%clk 0:01:08]}
38. Nf4 {[%clk 0:14:25]} Bf7 {[%clk 0:00:48]} 39. Nd5+ {[%clk 0:13:22]} Kf8
{[%clk 0:00:41]} 40. Ne3 {[%clk 0:42:27]} g6 {[%clk 0:30:34]} 41. Rd8+
{[%clk 0:31:58]} Ke7 {[%clk 0:28:02]} 42. Ra8 {[%clk 0:29:25]} Rd6+
{[%clk 0:27:38]} 43. Ke2 {[%clk 0:24:00]} Rc6 {[%clk 0:27:03]} 44. Rxa5
{[%clk 0:23:31]} Rxc3 {[%clk 0:27:18]} 45. Rxb5 {[%clk 0:23:40]} Rc1
{[%clk 0:27:16]} 46. a4 {[%clk 0:21:14]} Rb1 {[%clk 0:26:49]} 47. b4
{[%clk 0:20:00]} f5 {[%clk 0:26:51]} 48. f4 {[%clk 0:19:00]} Rb2+
{[%clk 0:26:35]} 49. Kd3 {[%clk 0:17:26]} Be6 {[%clk 0:25:30]} 50. a5
{[%clk 0:15:50]} Kf6 {[%clk 0:25:21]} 51. a6 {[%clk 0:15:10]} Ra2
{[%clk 0:25:28]} 52. Ra5 {[%clk 0:14:09]} Rxa5 {[%clk 0:25:50]} 53. bxa5
{[%clk 0:14:35]} Bc8 {[%clk 0:26:05]} 54. Nd5+ {[%clk 0:14:50]} Ke6
{[%clk 0:26:17]} 55. Nc7+ {[%clk 0:15:03]} Kd7 {[%clk 0:26:38]} 56. a7
{[%clk 0:15:24]} 1-0

[Event "IMP Kobiet do lat 20"]
[Site "Chotowa"]
[Date "2023.10.31"]
[Round "8.6"]
[White "Hertlein, Irena"]
[Black "Dylag, Emilia"]
[Result "1-0"]
[BlackElo "2163"]
[WhiteElo "1952"]
[LiveChessVersion "1.4.8"]

1. d4 {[%clk 1:30:58]} Nf6 {[%clk 1:29:58]} 2. Nf3 {[%clk 1:31:01]} e6
{[%clk 1:30:08]} 3. c4 {[%clk 1:31:15]} d5 {[%clk 1:30:01]} 4. g3
{[%clk 1:31:16]} Be7 {[%clk 1:30:20]} 5. Bg2 {[%clk 1:31:09]} O-O
{[%clk 1:30:42]} 6. O-O {[%clk 1:31:32]} dxc4 {[%clk 1:30:56]} 7. Nc3
{[%clk 1:31:49]} Nc6 {[%clk 1:19:31]} 8. e3 {[%clk 1:32:03]} Na5 {[%clk 1:12:09]}
9. Qe2 {[%clk 1:17:25]} Rb8 {[%clk 0:44:34]} 10. a4 c5 11. dxc5 {[%clk 1:11:27]}
Bxc5 {[%clk 0:41:12]} 12. Ne5 {[%clk 1:01:38]} Qe7 {[%clk 0:36:33]} 13. Nxc4
{[%clk 1:01:06]} Nxc4 {[%clk 0:31:25]} 14. Qxc4 {[%clk 1:01:32]} e5
{[%clk 0:30:23]} 15. e4 {[%clk 0:51:30]} Bd4 {[%clk 0:25:05]} 16. Nd5
{[%clk 0:32:16]} Nxd5 {[%clk 0:22:06]} 17. exd5 {[%clk 0:31:37]} Bf5
{[%clk 0:21:30]} 18. Qe2 {[%clk 0:31:55]} Qb4 {[%clk 0:19:53]} 19. Be3
{[%clk 0:20:48]} Rfe8 {[%clk 0:11:56]} 20. Rfe1 {[%clk 0:14:20]} Bxb2
{[%clk 0:11:25]} 21. Rab1 {[%clk 0:12:19]} Bxb1 {[%clk 0:10:21]} 22. Rxb1
{[%clk 0:12:48]} Qxa4 {[%clk 0:08:55]} 23. Qxb2 {[%clk 0:13:17]} e4
{[%clk 0:08:21]} 24. Bf4 {[%clk 0:07:55]} Rbd8 {[%clk 0:08:07]} 25. Qxb7
{[%clk 0:07:32]} Qd4 {[%clk 0:07:47]} 26. d6 {[%clk 0:06:27]} h6 {[%clk 0:03:42]}
27. h4 {[%clk 0:06:45]} g5 {[%clk 0:02:11]} 28. hxg5 {[%clk 0:07:02]} hxg5
{[%clk 0:02:38]} 29. Bxg5 {[%clk 0:06:45]} Rxd6 {[%clk 0:03:01]} 30. Be3
{[%clk 0:06:36]} Qd3 {[%clk 0:03:05]} 31. Bf1 {[%clk 0:04:55]} Qc2
{[%clk 0:02:41]} 32. Rc1 {[%clk 0:03:29]} Qa4 {[%clk 0:02:19]} 33. Rc8
{[%clk 0:00:33]} Rd1 {[%clk 0:01:52]} 34. Rxe8+ {[%clk 0:00:41]} Qxe8
{[%clk 0:02:17]} 35. Bxa7 {[%clk 0:00:38]} Qa4 {[%clk 0:01:54]} 36. Qc8+
{[%clk 0:00:47]} Kg7 {[%clk 0:02:03]} 37. Qg4+ {[%clk 0:01:09]} Kh7
{[%clk 0:02:11]} 38. Qh5+ {[%clk 0:01:19]} Kg7 {[%clk 0:02:14]} 39. Qg4+
{[%clk 0:01:47]} Kh7 {[%clk 0:02:37]} 40. Be3 {[%clk 0:31:35]} Qd7
{[%clk 0:31:34]} 41. Qxe4+ {[%clk 0:26:46]} Kg8 {[%clk 0:31:21]} 42. Kg2
{[%clk 0:26:08]} Qd5 {[%clk 0:31:45]} 43. Qxd5 {[%clk 0:26:33]} Rxd5
{[%clk 0:32:11]} 44. Kf3 {[%clk 0:26:30]} Ra5 {[%clk 0:32:22]} 45. Kg4
{[%clk 0:25:18]} Ra4+ {[%clk 0:32:20]} 46. Bf4 {[%clk 0:25:00]} Kg7
{[%clk 0:32:43]} 47. Bd3 {[%clk 0:24:35]} Rd4 {[%clk 0:33:01]} 48. Be2
{[%clk 0:24:12]} Ra4 {[%clk 0:33:22]} 49. Kf3 {[%clk 0:23:36]} Ra3+
{[%clk 0:33:35]} 50. Ke4 {[%clk 0:23:42]} Ra4+ {[%clk 0:33:48]} 51. Ke3
{[%clk 0:24:01]} Ra3+ {[%clk 0:34:06]} 52. Bd3 {[%clk 0:24:29]} Ra4
{[%clk 0:34:16]} 53. g4 {[%clk 0:23:16]} Rb4 {[%clk 0:32:41]} 54. Be5+
{[%clk 0:21:25]} f6 {[%clk 0:31:14]} 55. Bd4 {[%clk 0:21:54]} Kf7
{[%clk 0:31:33]} 56. Bf5 {[%clk 0:21:44]} Rb3+ {[%clk 0:31:49]} 57. Ke4
{[%clk 0:21:49]} Rb1 {[%clk 0:31:31]} 58. f4 {[%clk 0:16:52]} Re1+
{[%clk 0:30:45]} 59. Be3 {[%clk 0:16:57]} Rd1 {[%clk 0:30:50]} 60. g5
{[%clk 0:15:16]} fxg5 {[%clk 0:31:15]} 61. fxg5 {[%clk 0:15:45]} Re1
{[%clk 0:31:13]} 62. Kd3 {[%clk 0:09:11]} Rd1+ {[%clk 0:30:02]} 63. Ke2
{[%clk 0:09:29]} Rd5 {[%clk 0:30:20]} 64. Be4 {[%clk 0:09:51]} Ra5
{[%clk 0:30:23]} 65. Kf3 {[%clk 0:10:08]} Ra6 {[%clk 0:28:59]} 66. Kf4
{[%clk 0:09:42]} Kg7 {[%clk 0:28:52]} 67. Bd4+ {[%clk 0:09:25]} Kf7
{[%clk 0:29:16]} 68. Kf5 {[%clk 0:09:39]} Ra5+ {[%clk 0:28:55]} 69. Be5
{[%clk 0:10:03]} Ra6 {[%clk 0:29:18]} 70. g6+ {[%clk 0:09:37]} Rxg6
{[%clk 0:28:34]} 71. Bd5+ {[%clk 0:10:03]} Ke7 {[%clk 0:29:00]} 72. Kxg6
{[%clk 0:10:29]} Kd7 {[%clk 0:29:24]} 73. Kf6 {[%clk 0:10:15]} Kc8
{[%clk 0:29:42]} 74. Ke6 {[%clk 0:04:27]} Kd8 {[%clk 0:30:08]} 75. Bc6
{[%clk 0:03:53]} Kc8 {[%clk 0:30:29]} 76. Kd6 {[%clk 0:04:12]} Kb8
{[%clk 0:30:35]} 77. Bd4 {[%clk 0:03:38]} Kc8 {[%clk 0:31:03]} 78. Bb6
{[%clk 0:03:57]} Kb8 {[%clk 0:31:26]} 79. Bc5 {[%clk 0:03:21]} Kc8
{[%clk 0:31:50]} 80. Ba7 {[%clk 0:03:44]} Kd8 {[%clk 0:32:14]} 81. Bb6+
{[%clk 0:04:11]} Kc8 {[%clk 0:32:36]} 82. Bd5 {[%clk 0:04:03]} Kb8
{[%clk 0:32:59]} 83. Kc6 {[%clk 0:04:25]} Kc8 {[%clk 0:33:23]} 84. Be6+
{[%clk 0:04:48]} Kb8 {[%clk 0:33:46]} 85. Bd4 {[%clk 0:04:14]} Ka8
{[%clk 0:34:09]} 86. Bc8 {[%clk 0:04:27]} Kb8 {[%clk 0:34:33]} 87. Ba6
{[%clk 0:04:54]} Ka8 {[%clk 0:34:59]} 88. Kb6 {[%clk 0:05:17]} 1-0

[Event "IMP Kobiet do lat 20"]
[Site "Chotowa"]
[Date "2023.10.31"]
[Round "8.7"]
[White "Gaszka, Zuzanna"]
[Black "Waszczuk, Patrycja"]
[Result "0-1"]
[BlackElo "2248"]
[WhiteElo "1758"]
[LiveChessVersion "1.4.8"]

1. e4 {[%clk 1:30:58]} c5 {[%clk 1:30:57]} 2. Nf3 {[%clk 1:31:22]} e6
{[%clk 1:31:22]} 3. d4 {[%clk 1:31:44]} cxd4 4. Nxd4 {[%clk 1:32:04]} Nc6
{[%clk 1:32:14]} 5. Nc3 {[%clk 1:32:21]} a6 {[%clk 1:32:40]} 6. a3
{[%clk 1:32:37]} Qc7 {[%clk 1:32:44]} 7. Be3 Nf6 {[%clk 1:32:24]} 8. f4
{[%clk 1:32:38]} d6 {[%clk 1:30:03]} 9. Qf3 {[%clk 1:32:04]} b5 {[%clk 1:13:33]}
10. e5 {[%clk 1:18:16]} Nxd4 {[%clk 1:08:01]} 11. Bxd4 {[%clk 1:13:22]} Bb7
{[%clk 1:07:17]} 12. Qg3 {[%clk 1:10:34]} dxe5 {[%clk 1:05:00]} 13. Bxe5
{[%clk 1:08:09]} Qa5 {[%clk 1:02:44]} 14. O-O-O {[%clk 0:57:40]} Nd5
{[%clk 0:48:19]} 15. Nxd5 {[%clk 0:47:45]} Bxd5 {[%clk 0:48:18]} 16. Rxd5
{[%clk 0:44:35]} exd5 {[%clk 0:48:29]} 17. Bd3 {[%clk 0:44:34]} O-O-O
{[%clk 0:45:27]} 18. Bf5+ {[%clk 0:39:25]} Kb7 {[%clk 0:44:59]} 19. c3
{[%clk 0:37:33]} f6 {[%clk 0:42:45]} 20. Bd4 {[%clk 0:37:20]} Qc7
{[%clk 0:41:07]} 21. Qf3 {[%clk 0:35:22]} Bc5 {[%clk 0:39:20]} 22. Rd1
{[%clk 0:33:52]} Rd6 {[%clk 0:31:41]} 23. Bc2 {[%clk 0:29:08]} g6
{[%clk 0:23:32]} 24. f5 {[%clk 0:27:29]} g5 {[%clk 0:22:35]} 25. h4
{[%clk 0:25:06]} gxh4 {[%clk 0:21:21]} 26. Qf2 {[%clk 0:23:39]} Bxd4
{[%clk 0:21:30]} 27. Rxd4 {[%clk 0:23:59]} Re8 {[%clk 0:20:00]} 28. Bb3
{[%clk 0:22:08]} Re5 {[%clk 0:18:45]} 29. Rxh4 {[%clk 0:19:19]} Qg7
{[%clk 0:15:08]} 30. Rh5 {[%clk 0:15:52]} Rd7 {[%clk 0:14:25]} 31. Kb1
{[%clk 0:14:38]} Qg4 {[%clk 0:14:22]} 32. Rh6 {[%clk 0:13:52]} Qxf5+
{[%clk 0:13:11]} 33. Qxf5 {[%clk 0:14:12]} Rxf5 {[%clk 0:13:40]} 34. g4
{[%clk 0:14:09]} Rg5 {[%clk 0:11:42]} 35. Rxf6 {[%clk 0:14:10]} Rxg4
{[%clk 0:12:05]} 36. Rh6 {[%clk 0:14:15]} Rg6 {[%clk 0:08:54]} 37. Rh5
{[%clk 0:14:29]} Rgd6 {[%clk 0:09:05]} 38. a4 {[%clk 0:14:24]} Kc6
{[%clk 0:09:02]} 39. axb5+ {[%clk 0:14:40]} axb5 {[%clk 0:09:28]} 40. Bc2
{[%clk 0:44:42]} h6 {[%clk 0:39:50]} 41. Bd3 {[%clk 0:45:08]} Rg7
{[%clk 0:37:55]} 42. Kc2 {[%clk 0:44:54]} Rg5 {[%clk 0:35:29]} 43. Rh4
{[%clk 0:45:15]} Kc5 {[%clk 0:33:30]} 44. Rb4 {[%clk 0:45:18]} Rb6
{[%clk 0:33:57]} 45. Rh4 {[%clk 0:45:30]} b4 {[%clk 0:33:45]} 46. cxb4+
{[%clk 0:44:58]} Rxb4 {[%clk 0:34:06]} 47. Rh2 {[%clk 0:44:22]} h5
{[%clk 0:34:11]} 48. b3 {[%clk 0:44:32]} h4 {[%clk 0:32:46]} 49. Kb2
{[%clk 0:44:48]} Rg3 {[%clk 0:32:55]} 50. Kc2 {[%clk 0:45:11]} h3
{[%clk 0:32:25]} 0-1

[Event "IMP Kobiet do lat 20"]
[Site "Chotowa"]
[Date "2023.10.31"]
[Round "8.8"]
[White "Sprzeczka, Emilia"]
[Black "Bukala, Weronika"]
[Result "1-0"]
[BlackElo "1917"]
[WhiteElo "1865"]
[LiveChessVersion "1.4.8"]

1. e4 {[%clk 1:30:58]} c6 {[%clk 1:29:56]} 2. d4 {[%clk 1:31:22]} d5
{[%clk 1:30:00]} 3. e5 {[%clk 1:31:42]} Bf5 {[%clk 1:30:08]} 4. Nf3
{[%clk 1:31:37]} e6 {[%clk 1:29:28]} 5. Be2 {[%clk 1:31:42]} c5 {[%clk 1:26:25]}
6. c3 {[%clk 1:31:53]} Nc6 {[%clk 1:26:47]} 7. O-O {[%clk 1:32:09]} h6
{[%clk 1:25:30]} 8. Be3 {[%clk 1:26:18]} c4 {[%clk 1:20:24]} 9. b3
{[%clk 1:22:29]} b5 {[%clk 1:19:35]} 10. Nbd2 {[%clk 1:14:25]} Qa5
{[%clk 1:03:23]} 11. a4 {[%clk 1:06:10]} b4 {[%clk 0:52:16]} 12. cxb4
{[%clk 1:01:35]} Nxb4 {[%clk 0:43:31]} 13. bxc4 {[%clk 1:01:17]} Nc2
{[%clk 0:42:22]} 14. cxd5 {[%clk 1:00:03]} Nxa1 {[%clk 0:39:03]} 15. Bb5+
{[%clk 0:58:51]} Kd8 {[%clk 0:39:17]} 16. dxe6 {[%clk 0:55:08]} Qc3
{[%clk 0:33:16]} 17. exf7 {[%clk 0:54:39]} Ne7 {[%clk 0:33:05]} 18. Qxa1
{[%clk 0:45:18]} Qxa1 {[%clk 0:32:47]} 19. Rxa1 {[%clk 0:45:44]} Be6
{[%clk 0:32:54]} 20. Ne4 {[%clk 0:34:57]} a6 {[%clk 0:30:17]} 21. Nc5
{[%clk 0:33:52]} Bxf7 {[%clk 0:29:36]} 22. Bxa6 {[%clk 0:32:07]} Nf5
{[%clk 0:28:05]} 23. Bb5 {[%clk 0:27:55]} Bxc5 {[%clk 0:12:35]} 24. dxc5
{[%clk 0:28:18]} Be8 {[%clk 0:12:55]} 25. Rd1+ {[%clk 0:27:43]} Kc7
{[%clk 0:12:58]} 26. h4 {[%clk 0:23:32]} Bxb5 {[%clk 0:09:22]} 27. axb5
{[%clk 0:23:56]} Rhd8 {[%clk 0:09:01]} 28. Rb1 {[%clk 0:20:36]} Rd5
{[%clk 0:07:32]} 29. Rc1 {[%clk 0:15:56]} Rb8 {[%clk 0:06:48]} 30. b6+
{[%clk 0:14:09]} Kc6 {[%clk 0:07:01]} 31. e6 {[%clk 0:06:40]} Nxe3
{[%clk 0:05:25]} 32. fxe3 {[%clk 0:07:05]} Rc8 {[%clk 0:03:27]} 33. Nd4+
{[%clk 0:06:25]} Kb7 {[%clk 0:03:55]} 34. Nb5 {[%clk 0:05:55]} Rc6
{[%clk 0:02:45]} 35. e7 {[%clk 0:05:14]} Rc8 {[%clk 0:01:41]} 36. Nd6+
{[%clk 0:05:09]} 1-0

[Event "IMP Kobiet do lat 20"]
[Site "Chotowa"]
[Date "2023.10.31"]
[Round "8.9"]
[White "Michalska, Lena"]
[Black "Jarocka, Liwia"]
[Result "0-1"]
[BlackElo "2208"]
[WhiteElo "1636"]
[LiveChessVersion "1.4.8"]

1. d4 {[%clk 1:30:59]} Nf6 {[%clk 1:30:50]} 2. c4 {[%clk 1:31:23]} e6
{[%clk 1:31:08]} 3. Nc3 {[%clk 1:31:35]} Bb4 {[%clk 1:31:33]} 4. Nf3
{[%clk 1:31:37]} O-O {[%clk 1:31:34]} 5. g3 {[%clk 1:31:45]} d5 {[%clk 1:31:32]}
6. cxd5 {[%clk 1:32:08]} exd5 {[%clk 1:31:57]} 7. Bg2 {[%clk 1:32:33]} c6
{[%clk 1:31:03]} 8. O-O {[%clk 1:32:56]} Nbd7 {[%clk 1:31:13]} 9. Qb3
{[%clk 1:23:02]} Ba5 {[%clk 1:28:08]} 10. Bf4 {[%clk 1:16:07]} Re8
{[%clk 1:27:56]} 11. e3 {[%clk 1:15:55]} h6 {[%clk 1:22:17]} 12. Bd6
{[%clk 1:01:45]} Bxc3 {[%clk 1:19:23]} 13. Qxc3 {[%clk 0:52:35]} Ne4
{[%clk 1:18:59]} 14. Qa3 {[%clk 0:52:18]} Nb6 {[%clk 1:17:53]} 15. Bb4
{[%clk 0:51:35]} Nc4 {[%clk 1:16:37]} 16. Qb3 {[%clk 0:51:25]} Qf6
{[%clk 1:03:06]} 17. Qc2 {[%clk 0:40:58]} Bf5 {[%clk 1:03:14]} 18. Qe2
{[%clk 0:39:48]} Bg4 {[%clk 0:56:55]} 19. h3 {[%clk 0:40:12]} Bxf3
{[%clk 0:41:40]} 20. Bxf3 {[%clk 0:40:13]} Nxe3 {[%clk 0:32:01]} 21. fxe3
{[%clk 0:36:42]} Nxg3 {[%clk 0:32:26]} 22. Qf2 {[%clk 0:34:54]} Nxf1
{[%clk 0:32:18]} 23. Rxf1 {[%clk 0:35:21]} Qg5+ {[%clk 0:32:22]} 24. Bg2
{[%clk 0:32:40]} Qxe3 {[%clk 0:32:37]} 25. Re1 {[%clk 0:32:59]} Qxf2+
{[%clk 0:31:20]} 26. Kxf2 {[%clk 0:33:27]} g5 {[%clk 0:27:28]} 27. Bf3
{[%clk 0:30:16]} Rxe1 {[%clk 0:26:48]} 28. Bxe1 {[%clk 0:30:44]} Kg7
{[%clk 0:26:50]} 29. Be2 {[%clk 0:29:02]} Kg6 {[%clk 0:27:01]} 30. Bd3+
{[%clk 0:29:17]} f5 {[%clk 0:27:25]} 31. Kg3 {[%clk 0:27:57]} Re8
{[%clk 0:26:38]} 32. Bd2 {[%clk 0:28:22]} Kf6 {[%clk 0:25:59]} 33. Kf3
{[%clk 0:28:19]} h5 {[%clk 0:25:59]} 34. Kg3 {[%clk 0:27:14]} h4+
{[%clk 0:26:21]} 35. Kf3 {[%clk 0:27:22]} Rg8 {[%clk 0:26:36]} 36. Bb4
{[%clk 0:27:32]} g4+ {[%clk 0:26:17]} 37. hxg4 {[%clk 0:27:52]} Rxg4
{[%clk 0:25:19]} 38. Bd6 {[%clk 0:28:09]} Rxd4 {[%clk 0:24:37]} 39. Bf1
{[%clk 0:26:51]} Ke6 {[%clk 0:24:17]} 40. Bc5 {[%clk 0:56:51]} Rd2
{[%clk 0:54:14]} 41. Bxa7 {[%clk 0:56:24]} Rxb2 {[%clk 0:54:39]} 42. Bf2
{[%clk 0:56:38]} Rb4 {[%clk 0:54:10]} 43. a3 {[%clk 0:55:22]} Ra4
{[%clk 0:51:05]} 44. Ke2 {[%clk 0:55:25]} Rxa3 {[%clk 0:48:34]} 45. Bxh4
{[%clk 0:55:48]} b5 {[%clk 0:48:19]} 46. Kd2 {[%clk 0:53:48]} b4 {[%clk 0:46:25]}
47. Kc2 {[%clk 0:51:06]} c5 {[%clk 0:46:24]} 48. Bb5 {[%clk 0:51:17]} c4
{[%clk 0:45:32]} 49. Be1 {[%clk 0:49:51]} Ra2+ {[%clk 0:45:22]} 50. Kb1
{[%clk 0:50:13]} b3 {[%clk 0:45:41]} 51. Bc3 {[%clk 0:50:29]} f4 {[%clk 0:45:39]}
0-1

[Event "IMP Kobiet do lat 20"]
[Site "Chotowa"]
[Date "2023.10.31"]
[Round "8.10"]
[White "Labedz, Gabriela"]
[Black "Szopa, Emilia"]
[Result "0-1"]
[BlackElo "1706"]
[WhiteElo "1547"]
[LiveChessVersion "1.4.8"]

1. e4 {[%clk 1:30:58]} c5 {[%clk 1:30:01]} 2. Nf3 {[%clk 1:31:25]} Nc6
{[%clk 1:29:54]} 3. d4 {[%clk 1:31:49]} cxd4 {[%clk 1:30:13]} 4. Nxd4
{[%clk 1:32:13]} e5 {[%clk 1:30:29]} 5. Nb5 {[%clk 1:32:18]} d6 {[%clk 1:30:39]}
6. c4 {[%clk 1:32:19]} Be6 {[%clk 1:29:15]} 7. N5c3 {[%clk 1:32:11]} Nf6
{[%clk 1:24:05]} 8. Bg5 {[%clk 1:30:35]} Be7 {[%clk 1:12:03]} 9. Bxf6
{[%clk 1:30:21]} Bxf6 {[%clk 1:12:17]} 10. Nd5 {[%clk 1:29:36]} Bg5
{[%clk 1:06:46]} 11. Nbc3 {[%clk 1:28:27]} O-O {[%clk 1:05:42]} 12. Bd3
{[%clk 1:25:35]} Rc8 {[%clk 1:02:30]} 13. h4 {[%clk 1:10:50]} Bh6
{[%clk 1:01:39]} 14. g4 {[%clk 1:01:37]} Bf4 {[%clk 1:00:21]} 15. Nxf4
{[%clk 0:55:14]} exf4 {[%clk 1:00:35]} 16. Nd5 {[%clk 0:48:28]} Ne5
{[%clk 0:56:14]} 17. Be2 {[%clk 0:42:15]} Nxc4 {[%clk 0:52:15]} 18. Qd4
{[%clk 0:37:49]} Ne5 {[%clk 0:39:02]} 19. Nxf4 {[%clk 0:32:19]} Qf6
{[%clk 0:27:03]} 20. Qe3 {[%clk 0:23:41]} Nxg4 {[%clk 0:26:17]} 21. Bxg4
{[%clk 0:21:26]} Qxb2 {[%clk 0:24:00]} 22. O-O {[%clk 0:20:59]} Bxg4
{[%clk 0:24:15]} 23. Qg3 {[%clk 0:20:11]} h5 {[%clk 0:21:21]} 24. Rab1
{[%clk 0:15:46]} Qd4 {[%clk 0:16:05]} 25. Qg2 {[%clk 0:12:54]} Rc2
{[%clk 0:10:52]} 26. Nd5 {[%clk 0:10:06]} Rxa2 {[%clk 0:07:08]} 27. Rxb7
{[%clk 0:09:49]} a5 {[%clk 0:04:23]} 28. Ne3 {[%clk 0:08:38]} a4 {[%clk 0:03:34]}
29. Nxg4 {[%clk 0:07:36]} hxg4 {[%clk 0:03:58]} 30. Qxg4 {[%clk 0:08:01]} d5
{[%clk 0:03:43]} 31. Qg3 {[%clk 0:06:54]} Qxe4 {[%clk 0:02:56]} 32. h5
{[%clk 0:06:45]} a3 {[%clk 0:01:53]} 33. Ra7 {[%clk 0:06:06]} d4 {[%clk 0:01:29]}
34. Rd1 {[%clk 0:04:34]} d3 {[%clk 0:01:11]} 35. h6 {[%clk 0:03:23]} g6
{[%clk 0:01:20]} 36. Qxd3 {[%clk 0:03:12]} Qg4+ {[%clk 0:01:42]} 37. Kf1
{[%clk 0:03:26]} Qh4 {[%clk 0:00:55]} 38. Qg3 {[%clk 0:03:07]} Qh1+
{[%clk 0:00:49]} 39. Qg1 {[%clk 0:03:30]} Qh5 {[%clk 0:00:59]} 40. Re1
{[%clk 0:31:13]} Qb5+ {[%clk 0:30:39]} 41. Kg2 {[%clk 0:31:05]} Qg5+
{[%clk 0:23:48]} 42. Kf1 {[%clk 0:29:53]} Qxh6 {[%clk 0:23:15]} 43. Qg2
{[%clk 0:29:28]} Qf4 {[%clk 0:22:27]} 44. Qg3 {[%clk 0:25:57]} Qxg3
{[%clk 0:19:42]} 45. fxg3 {[%clk 0:26:22]} Rb8 {[%clk 0:20:05]} 46. g4
{[%clk 0:22:26]} Rbb2 {[%clk 0:19:11]} 47. Re8+ {[%clk 0:19:54]} Kg7
{[%clk 0:19:32]} 48. g5 {[%clk 0:19:38]} Rf2+ {[%clk 0:18:50]} 49. Ke1
{[%clk 0:19:37]} Rh2 {[%clk 0:18:51]} 50. Kd1 {[%clk 0:19:51]} Ra1#
{[%clk 0:19:13]} 0-1

[Event "IMP Kobiet do lat 20"]
[Site "Chotowa"]
[Date "2023.10.31"]
[Round "8.11"]
[White "Woytitzki, Maja"]
[Black "Zgoda, Aleksandra"]
[Result "0-1"]
[BlackElo "1536"]
[WhiteElo "1295"]
[LiveChessVersion "1.4.8"]

1. d4 {[%clk 1:31:18]} Nf6 2. c4 e6 {[%clk 1:30:59]} 3. Nf3 {[%clk 1:30:27]} Bb4+
{[%clk 1:30:44]} 4. Bd2 {[%clk 1:30:31]} Qe7 {[%clk 1:29:50]} 5. Nc3
{[%clk 1:27:45]} b6 {[%clk 1:27:53]} 6. g3 {[%clk 1:27:48]} Bb7 {[%clk 1:27:59]}
7. Bg2 {[%clk 1:27:59]} O-O {[%clk 1:27:18]} 8. O-O {[%clk 1:28:21]} d6
{[%clk 1:24:03]} 9. Re1 {[%clk 1:25:39]} Nbd7 {[%clk 1:21:59]} 10. Qc2
{[%clk 1:24:35]} Bxc3 {[%clk 1:15:08]} 11. Bxc3 {[%clk 1:24:42]} Be4
{[%clk 1:12:40]} 12. Qd2 {[%clk 1:24:30]} Bb7 {[%clk 1:00:58]} 13. Rad1
{[%clk 1:14:22]} Ne4 {[%clk 0:57:03]} 14. Qc1 {[%clk 1:14:30]} f5
{[%clk 0:52:44]} 15. e3 {[%clk 0:57:17]} Ndf6 {[%clk 0:49:11]} 16. Bb4
{[%clk 0:47:37]} Ng4 {[%clk 0:33:58]} 17. Re2 {[%clk 0:47:34]} c5
{[%clk 0:30:45]} 18. Be1 {[%clk 0:45:57]} g5 {[%clk 0:25:50]} 19. h4
{[%clk 0:43:31]} h6 {[%clk 0:21:31]} 20. b4 {[%clk 0:19:56]} cxb4
{[%clk 0:20:30]} 21. Bxb4 {[%clk 0:20:18]} Qg7 {[%clk 0:16:43]} 22. Qb2
{[%clk 0:15:41]} f4 {[%clk 0:12:43]} 23. exf4 {[%clk 0:14:58]} gxf4
{[%clk 0:12:50]} 24. Rxe4 {[%clk 0:11:07]} Bxe4 {[%clk 0:12:42]} 25. Bxd6
{[%clk 0:11:19]} fxg3 {[%clk 0:12:24]} 26. fxg3 {[%clk 0:10:49]} Bxf3
{[%clk 0:11:41]} 27. Bxf8 {[%clk 0:11:08]} Rxf8 {[%clk 0:11:58]} 28. Rf1
{[%clk 0:06:16]} Bxg2 {[%clk 0:10:53]} 29. Rxf8+ {[%clk 0:06:38]} Qxf8
{[%clk 0:11:10]} 30. Qxg2 {[%clk 0:06:56]} Qf5 {[%clk 0:06:55]} 31. Qe2
{[%clk 0:06:41]} h5 {[%clk 0:04:58]} 32. Kg2 {[%clk 0:06:56]} Kf7
{[%clk 0:05:04]} 33. Qf3 {[%clk 0:06:26]} Qxf3+ {[%clk 0:05:09]} 34. Kxf3
{[%clk 0:06:47]} Kf6 {[%clk 0:05:12]} 35. Ke4 {[%clk 0:04:30]} Nf2+
{[%clk 0:05:02]} 36. Ke3 {[%clk 0:04:54]} Ng4+ {[%clk 0:04:32]} 37. Ke4
{[%clk 0:05:14]} e5 {[%clk 0:04:02]} 38. d5 {[%clk 0:03:38]} Ke7 {[%clk 0:04:23]}
39. a4 {[%clk 0:02:40]} Kd6 {[%clk 0:04:36]} 40. Kd3 0-1

[Event "IMP Kobiet do lat 20"]
[Site "Chotowa"]
[Date "2023.10.31"]
[Round "8.12"]
[White "Woytitzki, Sophie"]
[Black "Slusarczyk, Anna"]
[Result "0-1"]
[BlackElo "1730"]
[WhiteElo "1259"]
[LiveChessVersion "1.4.8"]

1. d4 {[%clk 1:30:57]} Nf6 {[%clk 1:30:54]} 2. c4 {[%clk 1:31:21]} e6
{[%clk 1:31:19]} 3. g3 {[%clk 1:31:08]} Bb4+ {[%clk 1:31:13]} 4. Bd2
{[%clk 1:31:28]} Qe7 {[%clk 1:31:35]} 5. Nf3 {[%clk 1:31:47]} O-O
{[%clk 1:31:29]} 6. Nc3 {[%clk 1:32:03]} d6 {[%clk 1:30:18]} 7. Bg2
{[%clk 1:32:18]} e5 {[%clk 1:29:35]} 8. O-O {[%clk 1:30:20]} h6 {[%clk 1:27:20]}
9. Qc2 {[%clk 1:25:44]} c6 {[%clk 1:22:56]} 10. Rfe1 {[%clk 1:25:11]} Bxc3
{[%clk 1:22:51]} 11. Bxc3 {[%clk 1:25:24]} e4 {[%clk 1:18:49]} 12. Nd2
{[%clk 1:24:28]} e3 {[%clk 1:15:14]} 13. Nf3 {[%clk 1:21:26]} exf2+
{[%clk 1:15:24]} 14. Kxf2 {[%clk 1:21:51]} Ng4+ {[%clk 1:15:51]} 15. Kg1
{[%clk 0:42:18]} Qe3+ {[%clk 1:15:21]} 16. Kh1 {[%clk 0:36:40]} Nf2+
{[%clk 1:15:44]} 17. Kg1 {[%clk 0:34:03]} Nh3+ {[%clk 1:15:30]} 18. Kh1
{[%clk 0:32:50]} Qg1+ {[%clk 1:15:50]} 19. Rxg1 {[%clk 0:32:53]} Nf2#
{[%clk 1:16:15]} 0-1